Poesías /

Guardado en:
Autor Principal: Storni, Alfonsina
Formato: Libro
Publicado: Buenos Aires : Eudeba, 1961
Etiquetas: Agregar Etiqueta
Sin Etiquetas, Sea el primero en etiquetar este registro!
LEADER 00382nam a22001455a 4500
001 CEM.cems006085
005 20060214000000.0
008 130507s1961##################000#0#####d
003 CEMS
082 0 4 |a A861.4 
100 1 |a Storni, Alfonsina 
245 1 0 |a Poesías / 
260 |a Buenos Aires :  |b Eudeba,  |c 1961 
300 |a 167 p. 
859 |a CEMS  |b BIB. CEMS - 11 de abril  |h A861.4  |i St74-1  |p 8482.80  |t Ej.1